| 000 | 01169cam a2200325Mi 4500 | ||
|---|---|---|---|
| 001 | 94869 | ||
| 005 | 20230410124124.0 | ||
| 008 | 000805s2007 ne 000 0 dut d | ||
| 035 | _a(OCoLC)ocn416311949 | ||
| 040 |
_aJPG _cJPG _dUKMGB _dJPG _dOCLCA |
||
| 020 | _a9789081099820 | ||
| 020 | _a9081099825 | ||
| 035 | _a(OCoLC)416311949 | ||
| 050 | 1 | 4 |
_aN 6948 _bW855a 2007 |
| 049 | _aGRAL | ||
| 100 | 1 | _aWolfert, Sinaya R. | |
| 245 | 1 | 0 |
_aArtists from Curacao : _ba cultural blend within the Kingdom = Kunstenaars van Curacao : cultuurversmelting binnen het Koninkrijk / _cphotography by Sinaya R. Wolfert ; text by Eva Breukink ; English translation by Erwin L. Wolfert. |
| 246 | 3 | _aKunstenaars van Curacao : cultuurversmelting binnen het Koninkrijk | |
| 250 | _a1st ed. | ||
| 260 |
_a['s-Gravenzande : _bDrukkerij van Deventer], _c2007. |
||
| 300 |
_a195 p. : _bill. ; _c24 cm. |
||
| 502 | _aFotoboek. | ||
| 546 | _aDutch and English. | ||
| 650 | 0 |
_aArt, Netherlands Antillean _zCuracao _y21st century. |
|
| 650 | 0 |
_aArtists _zCuracao _y21st century. |
|
| 700 | 1 | _aBreukink, Eva. | |
| 700 | 1 | _aWolfert, Erwin L. | |
| 942 |
_2lcc _cbk |
||
| 994 |
_aC0 _bDRFGD |
||
| 999 |
_c71427 _d71427 |
||